| 000 | 00342nam a22001457a 4500 | ||
|---|---|---|---|
| 003 | SGT | ||
| 082 |
_a615 _bK14D |
||
| 100 | _aDIWEDI, VISWANATHAN | ||
| 245 | _aKRIYATAMAK AUOSADHI PARICHYA VIGYAN | ||
| 260 |
_aVANARAS _bCHAUKHAMBHA _c2014 |
||
| 300 | _a264 | ||
| 650 | _aKRIYATAMAK AUOSADHI | ||
| 653 | _aKRIYATAMAK AUOSADHI | ||
| 942 |
_2ddc _cBK |
||
| 999 |
_c8304 _d8304 |
||